[Event "CZE-ch Amateurs 2022"]
[Site "Luhacovice"]
[Date "2022.03.17"]
[Round "7.18"]
[White "Zabystrzan, Pavel"]
[Black "Strapec, Lukas"]
[Result "1-0"]
[WhiteElo "2162"]
[BlackElo "1835"]
[Annotator "ChessBase"]
[PlyCount "141"]
[EventDate "2022.03.12"]
[EventType "swiss"]
[EventCountry "CZE"]
[SourceTitle "playchess.com"]
[Source "ChessBase"]
[SourceQuality "1"]
[TimeControl "5400+30"]

1. Nf3 {[%emt 0:00:06]} d5 {[%emt 0:00:43]} 2. c4 {[%emt 0:00:08]} c6 {[%emt 0:00:49]} 3. e3 {[%emt 0:00:12]} Nf6 {[%emt 0:00:53]} 4. Nc3 {[%emt 0:00:07]} g6 {[%emt 0:01:22]} 5. d4 {[%emt 0:00:45]} Bg7 {[%emt 0:01:34]} 6. Be2 {[%emt 0:09:24]} O-O {[%emt 0:01:53]} 7. O-O {[%emt 0:00:10]} dxc4 {[%emt 0:02:49]} 8. Bxc4 {[%emt 0:00:10]} Nbd7 {[%emt 0:01:39]} 9. h3 {[%emt 0:02:28]} Nb6 {[%emt 0:06:16]} 10. Bb3 {[%emt 0:00:18]} Bf5 {[%emt 0:08:20]} 11. Qe2 {[%emt 0:01:04]} Be4 {[%emt 0:05:36]} 12. Nxe4 {[%emt 0:07:53]} Nxe4 {[%emt 0:00:34]} 13. Qc2 {[%emt 0:00:39]} Nd6 {[%emt 0:07:55]} 14. Bd2 {[%emt 0:07:27]} Nd7 {[%emt 0:09:20]} 15. Rac1 {[%emt 0:08:11]} Re8 {[%emt 0:06:44]} 16. Rfd1 {[%emt 0:01:05]} a5 {[%emt 0:05:42]} 17. a4 {[%emt 0:06:02]} e5 {[%emt 0:03:56]} 18. dxe5 {[%emt 0:04:18]} Nxe5 {[%emt 0:00:45]} 19. Nxe5 {[%emt 0:00:41]} Bxe5 {[%emt 0:03:57]} 20. Bc3 {[%emt 0:00:25]} Qf6 {[%emt 0:04:31]} 21. Bxe5 {[%emt 0:02:28]} Rxe5 {[%emt 0:08:26]} 22. Rd4 {[%emt 0:00:47]} Nf5 {[%emt 0:16:22]} 23. Rd7 {[%emt 0:00:39]} Re7 {[%emt 0:00:53]} 24. Rcd1 {[%emt 0:01:32]} Rae8 {[%emt 0:00:55]} 25. Bc4 {[%emt 0:02:26]} Rxd7 {[%emt 0:00:27]} 26. Rxd7 {[%emt 0:00:05]} Re7 {[%emt 0:00:25]} 27. Rd8+ {[%emt 0:01:16]} Kg7 {[%emt 0:00:08]} 28. Qd2 {[%emt 0:01:20]} Qe5 {[%emt 0:00:56]} 29. g4 {[%emt 0:09:15]} Nh4 {[%emt 0:00:35]} 30. Be2 {[%emt 0:00:11]} Qe4 {[%emt 0:00:29]} 31. Qd4+ {[%emt 0:00:29]} Re5 {[%emt 0:00:32]} 32. Qxe4 {[%emt 0:04:04]} Rxe4 {[%emt 0:00:03]} 33. b3 {[%emt 0:00:12]} Re7 {[%emt 0:00:55]} 34. Kh2 {[%emt 0:04:14]} g5 {[%emt 0:00:30]} 35. Kg3 {[%emt 0:00:20]} Ng6 {[%emt 0:00:29]} 36. Bd3 {[%emt 0:02:49]} Ne5 {[%emt 0:00:28]} 37. Bf5 {[%emt 0:00:08]} h6 {[%emt 0:00:34]} 38. f4 {[%emt 0:00:40]} Ng6 {[%emt 0:00:31]} 39. Kf2 {[%emt 0:02:09]} gxf4 {[%emt 0:00:22]} 40. exf4 {[%emt 0:00:08]} Nxf4 {[%emt 0:00:35]} 41. h4 {[%emt 0:00:06]} Nd5 {[%emt 0:00:32]} 42. Rb8 {[%emt 0:00:52]} b6 {[%emt 0:00:29]} 43. Bd3 {[%emt 0:01:59]} Re6 {[%emt 0:00:32]} 44. Bc4 {[%emt 0:00:49]} Re4 {[%emt 0:00:28]} 45. Rc8 {[%emt 0:01:18]} Re6 {[%emt 0:00:30]} 46. Rd8 {[%emt 0:00:59]} Rf6+ {[%emt 0:00:29]} 47. Kg3 {[%emt 0:00:24]} Nc3 {[%emt 0:00:32]} 48. Rb8 {[%emt 0:00:42]} Ne4+ {[%emt 0:00:24]} 49. Kg2 {[%emt 0:00:12]} c5 {[%emt 0:00:35]} 50. Bd5 {[%emt 0:01:12]} Nc3 {[%emt 0:00:31]} 51. Bc4 {[%emt 0:01:17]} Ne4 {[%emt 0:00:29]} 52. Bd5 {[%emt 0:00:24]} Nc3 {[%emt 0:00:25]} 53. Bc4 {[%emt 0:00:44]} Rf4 {[%emt 0:00:31]} 54. Rxb6 {[%emt 0:00:39]} Rxg4+ {[%emt 0:00:35]} 55. Kf3 {[%emt 0:00:50]} Rg6 {[%emt 0:00:31]} 56. Rb7 {[%emt 0:00:56]} Rf6+ {[%emt 0:00:26]} 57. Ke3 {[%emt 0:00:46]} Rf5 {[%emt 0:00:33]} 58. Ra7 {[%emt 0:00:46]} Nd1+ {[%emt 0:00:29]} 59. Ke4 {[%emt 0:01:53]} Rf6 {[%emt 0:00:33]} 60. Rxa5 {[%emt 0:00:40]} Nf2+ {[%emt 0:00:26]} 61. Kd5 {[%emt 0:00:59]} Rf5+ {[%emt 0:00:34]} 62. Kc6 {[%emt 0:00:14]} Ne4 {[%emt 0:00:29]} 63. Ra7 {[%emt 0:01:21]} Rf4 {[%emt 0:00:28]} 64. a5 {[%emt 0:00:45]} Rf6+ {[%emt 0:00:34]} 65. Kd5 {[%emt 0:01:14]} Re6 {[%emt 0:00:25]} 66. a6 {[%emt 0:01:02]} Kf6 {[%emt 0:00:32]} 67. Rc7 {[%emt 0:01:56]} Re5+ {[%emt 0:00:29]} 68. Kc6 {[%emt 0:00:15]} Nc3 {[%emt 0:00:34]} 69. Rxf7+ {[%emt 0:00:46]} Kg6 {[%emt 0:00:04]} 70. a7 {[%emt 0:00:26]} Re8 {[%emt 0:00:53]} 71. Rf3 {[%emt 0:00:28]} 1-0

[Event "CZE-ch Amateurs 2022"]
[Site "Luhacovice"]
[Date "2022.03.17"]
[Round "7.19"]
[White "Cupek, Martin"]
[Black "Zaza, Martin"]
[Result "0-1"]
[WhiteElo "2108"]
[BlackElo "1822"]
[Annotator "TA"]
[PlyCount "219"]
[EventDate "2022.03.12"]
[EventType "swiss"]
[EventCountry "CZE"]
[SourceTitle "playchess.com"]
[Source "ChessBase"]
[SourceQuality "1"]

{[%evp 16,219,70,70,49,42,78,82,95,67,77,68,75,37,148,173,247,135,172,168,196,175,168,172,270,237,247,140,152,134,123,93,88,0,0,0,0,0,0,-11,-3,-11,-24,-191,-196,-192,-192,-293,-300,-297,-302,-304,-293,-285,-293,-276,-224,-224,-224,-224,-224,-241,-221,-221,-220,-213,-205,-212,-205,-212,-205,-224,-212,-224,-174,-174,-174,-174,-174,-174,-174,-174,-174,-174,0,-175,-153,-174,-153,-153,-153,-153,-153,-153,-153,-153,-141,-153,-143,-148,-134,-181,-181,-279,-279,-385,-385,-385,-378,-378,-363,-356,-320,-341,-333,-341,-279,-279,-279,-272,-265,-262,-214,-547,-523,-1079,-1079,-541,-228,-228,-228,-632,-632,-617,-595,-2531,-2531,-1900,-1894,-1806,-1786,-1227,-1538,-12792,-620,-4594,-4570,-29985,-29986,-29986,-29983,-29982,-29983,-29983,-29984,-29984,-29985,-29985,-29986,-29986,-29987,-29987,-29988,-29988,-29989,-29989,-29990,-29990,-29988,-29988,-29987,-29987,-29985,-29985,0,-29987,-29988,-29988,-29988,-29988,-29989,-29989,-29989,-29992,-29993,-29993,-29994,-29994,-29995,-29995,-29995,-29995,-29994,-29995,-4622,-29996,-29997,-29997,-29997,-29998,-29998,-29998,-29998,-29998,-29999,-29999]} 1. Nf3 Nf6 2. d4 d5 3. g3 g6 4. Bg2 Bg7 5. O-O O-O 6. c4 c6 7. Nc3 Nbd7 8. cxd5 cxd5 9. Bf4 a6 $1 {The main line 9...a6 scores better than 9...Nb6. D79: Fianchetto Grünfeld: Symmetrical Variation (6 0-0 c6 7 cxd5 cxd5).} 10. Rc1 Nb8 11. Ne5 e6 {White is better.} 12. Qb3 Nh5 {[#]} 13. Be3 $146 ({Predecessor:} 13. Bd2 Nd7 14. Nf3 Qb6 15. Qxb6 Nxb6 16. b3 Bd7 17. e3 Nf6 18. Ne2 Bb5 19. Rfe1 {½-½ (32) Dittmann,J (1357)-Grimm,P (1855) Kiel 2007}) 13... Nd7 14. Nxd7 Qxd7 (14... Bxd7 $14 15. Qxb7 a5) 15. Na4 $16 {[#] Hoping for Nb6.} Qd6 (15... Qe8 $142 16. Nb6 Bd7 17. Nxa8 Qxa8) 16. Qb6 ({White has to play} 16. Nb6 $18 Rb8 17. Bf3 (17. Nxc8 Rbxc8 18. Rxc8 Rxc8 $16) (17. Rxc8 Rfxc8 18. Nxc8 Rxc8 $16)) 16... Qd7 17. b3 a5 18. Rc7 Qd8 19. Qc5 {Nb6 is the strong threat.} Re8 (19... Bd7 $142) 20. Nb6 $18 Bf8 {[#]} 21. Qc2 ({Stronger than} 21. Rxc8 Rxc8 22. Qxc8 Qxc8 23. Nxc8 Rxc8 $11) (21. Qc1 $1 $18 Rb8 22. g4) 21... Rb8 $16 22. g4 Nf6 23. Bf4 ({Of course not} 23. Nxc8 $6 Rxc8 24. Rxc8 Qxc8 25. Qxc8 Rxc8 $11) 23... Nxg4 24. h3 (24. Rd1 $16) 24... Bd6 $11 25. Qc1 Bxf4 $1 (25... Bxc7 $2 26. Bxc7 Qe7 27. Bxb8 $18) 26. Qxf4 Nf6 $1 {[%cal Oe6e5]} 27. Rfc1 Bd7 28. Nxd7 Nxd7 29. Rxd7 $2 Qxd7 $19 30. Rc7 e5 $1 31. Qxe5 (31. Rxd7 $142 exf4 32. Bxd5 Rxe2 33. a4) 31... Rxe5 32. Rxd7 Rxe2 {[%cal Be5e2,Be2a2,Ba2a4,Ba4d4,Bd4d2][%mdl 32]} 33. Bxd5 Rxa2 34. Rxf7 {[%mdl 4096] Endgame KRR-KRB} Kh8 {And now ...b5 would win.} 35. Bxb7 a4 36. bxa4 Rxa4 37. Be4 Rxd4 38. Re7 Rf8 39. Kg2 Rd2 40. Bf3 Kg8 41. Re3 Kg7 42. Kg3 h6 43. Rb3 Rf7 44. Ra3 g5 45. Rc3 Rd4 46. Bh5 Rfd7 47. Rc6 R4d6 48. Rc8 Rd3+ 49. Kg2 R3d6 50. Kg3 $1 Rf6 51. Rc3 Rd4 52. Rc7+ Kf8 53. Rc8+ Ke7 54. Re8+ Kd7 {White must now prevent ...Rh4.} 55. Re3 Kd6 56. Ra3 Kc5 57. Re3 Kb4 58. Be2 (58. Bg4 $17) 58... Rdf4 59. f3 (59. Bf3 {was worth a try.}) 59... h5 {[%cal Bh6h5,Bh5h4][%mdl 32]} 60. Bd3 h4+ 61. Kg2 Rd6 62. Kf2 Rd5 63. Be2 Rc5 64. Re8 Kc3 65. Re3+ Kd2 66. Rd3+ Kc2 67. Rd8 Rb4 68. Rd7 Rb2 69. Rd3 $2 (69. Re7 {was the crucial defense.}) 69... Re5 {Strongly threatening ...Ra2.} 70. Bf1 Kc1+ 71. Kg1 Re1 (71... Rd2 $142 72. Rc3+ Kb2) 72. Rd5 Rd2 73. Rxg5 $2 (73. Rc5+ Kb2 74. Rxg5) 73... Rdd1 74. Rc5+ Kb2 75. Rc4 Rxf1+ 76. Kg2 Rg1+ 77. Kf2 Rdf1+ 78. Ke2 Rc1 79. Rxh4 Rc2+ 80. Kd3 Rc3+ 81. Ke2 Rg2+ 82. Kf1 Rh2 {[%cal Rc3c1]} 83. Rb4+ Ka3 {[%cal Rc3c1]} 84. Kg1 Rd2 {[%cal Rc3c1]} 85. Rb1 Rxf3 86. h4 Rg3+ 87. Kh1 Rh3+ 88. Kg1 Rxh4 89. Ra1+ Kb2 90. Ra8 Rc4 {[%cal Rc4c1]} 91. Rb8+ Ka3 {[%cal Rc4c1]} 92. Ra8+ Kb4 {[%cal Rc4c1]} 93. Rb8+ Ka5 {[%cal Rc4c1]} 94. Ra8+ Kb4 {[%cal Rc4c1]} 95. Rb8+ $1 Kc3 96. Kf1 Kc2 97. Ke1 Re4+ 98. Kf1 Rh4 {[%cal Rh4h1]} 99. Rc8+ Kd1 {[%cal Rh4h1]} 100. Kg1 Re4 {[%cal Re4e1]} 101. Rf8 Re1+ 102. Rf1 Rxf1+ 103. Kxf1 {KR-K} Kc2 {[%cal Bd1c2,Bc2d3,Bd3e3,Be3f3,Bf3g3][%mdl 32]} 104. Ke1 Kd3 105. Kf1 Ke3 {Black mates.} 106. Ke1 Rd6 107. Kf1 Kf3 {[%cal Rd6d1]} 108. Kg1 Rd7 109. Kh1 Kg3 {[%cal Rd7d1]} 110. Kg1 {Never resign too early!  Weighted Error Value: White=0.24 (precise) /Black=0.18 (very precise)} 0-1

[Event "CZE-ch Amateurs 2022"]
[Site "Luhacovice"]
[Date "2022.03.17"]
[Round "7.20"]
[White "Zemen, Pavel"]
[Black "Galicek, Stanislav"]
[Result "0-1"]
[WhiteElo "1767"]
[BlackElo "2079"]
[Annotator "ChessBase"]
[PlyCount "69"]
[EventDate "2022.03.12"]
[EventType "swiss"]
[EventCountry "CZE"]
[SourceTitle "playchess.com"]
[Source "ChessBase"]
[SourceQuality "1"]
[TimeControl "5400+30"]

1. e4 {[%emt 0:00:03]} c5 {[%emt 0:00:09]} 2. Nf3 {[%emt 0:00:04]} Nc6 {[%emt 0:00:40]} 3. d4 {[%emt 0:00:05]} cxd4 {[%emt 0:00:21]} 4. Nxd4 {[%emt 0:00:10]} Nf6 {[%emt 0:02:15]} 5. Nc3 {[%emt 0:00:17]} d6 {[%emt 0:05:09]} 6. Bc4 {[%emt 0:06:56]} e6 {[%emt 0:01:20]} 7. O-O {[%emt 0:03:45]} Be7 {[%emt 0:00:38]} 8. Bb3 {[%emt 0:03:11]} O-O {[%emt 0:00:37]} 9. Be3 {[%emt 0:01:17]} Na5 {[%emt 0:06:03]} 10. h3 {[%emt 0:02:53]} a6 {[%emt 0:01:42]} 11. Qd2 {[%emt 0:02:53]} b5 {[%emt 0:05:04]} 12. f3 {[%emt 0:02:16]} Bd7 {[%emt 0:16:32]} 13. Rfd1 {[%emt 0:01:53]} Qc7 {[%emt 0:01:50]} 14. Nce2 {[%emt 0:01:47]} Rab8 {[%emt 0:08:38]} 15. Bf2 {[%emt 0:04:21]} Rfc8 {[%emt 0:07:28]} 16. Rac1 {[%emt 0:03:35]} Nc4 {[%emt 0:04:13]} 17. Bxc4 {[%emt 0:04:00]} bxc4 {[%emt 0:01:00]} 18. b3 {[%emt 0:00:09]} g6 {[%emt 0:17:15]} 19. Nc3 {[%emt 0:07:16]} Nh5 {[%emt 0:04:27]} 20. Nde2 {[%emt 0:01:11]} Bb5 {[%emt 0:03:59]} 21. Kh1 {[%emt 0:05:23]} Bf8 {[%emt 0:00:50]} 22. Bd4 {[%emt 0:03:12]} Qe7 {[%emt 0:03:08]} 23. g4 {[%emt 0:09:00]} Nf6 {[%emt 0:01:02]} 24. Kg2 {[%emt 0:00:38]} Nd7 {[%emt 0:00:26]} 25. Ng3 {[%emt 0:01:31]} Ne5 {[%emt 0:01:36]} 26. Nce2 {[%emt 0:03:53]} Rc7 {[%emt 0:02:01]} 27. Bc3 {[%emt 0:03:07]} Be8 {[%emt 0:04:07]} 28. Bb4 {[%emt 0:01:12]} Rc6 {[%emt 0:00:34]} 29. f4 {[%emt 0:03:56]} Nd7 {[%emt 0:00:07]} 30. e5 {[%emt 0:01:04]} Rxb4 {[%emt 0:00:57]} 31. Qxb4 {[%emt 0:00:15]} dxe5 {[%emt 0:00:21]} 32. Qxe7 {[%emt 0:01:05]} Bxe7 {[%emt 0:00:03]} 33. Ne4 {[%emt 0:00:17]} f5 {[%emt 0:00:24]} 34. Kf3 {[%emt 0:07:20]} Bg5 {[%emt 0:00:50]} 35. Kg3 {[%emt 0:15:43]} 0-1

[Event "CZE-ch Amateurs 2022"]
[Site "Luhacovice"]
[Date "2022.03.19"]
[Round "9.1"]
[White "Sremanak, Slavomir"]
[Black "Buchcar, Tomas"]
[Result "0-1"]
[WhiteElo "2187"]
[BlackElo "2121"]
[Annotator "ChessBase"]
[PlyCount "80"]
[EventDate "2022.03.12"]
[EventType "swiss"]
[EventCountry "CZE"]
[SourceTitle "playchess.com"]
[Source "ChessBase"]
[SourceQuality "1"]
[TimeControl "5400+30"]

1. e4 {[%emt 0:11:13]} c6 {[%emt 0:00:09]} 2. d3 {[%emt 0:00:15]} g6 {[%emt 0:00:40]} 3. f4 {[%emt 0:00:11]} d5 {[%emt 0:01:09]} 4. Nd2 {[%emt 0:01:08]} Bg7 {[%emt 0:02:53]} 5. Ngf3 {[%emt 0:00:12]} Bg4 {[%emt 0:05:02]} 6. Be2 {[%emt 0:00:25]} e6 {[%emt 0:01:16]} 7. O-O {[%emt 0:03:48]} Nd7 {[%emt 0:13:04]} 8. a4 {[%emt 0:04:21]} Ngf6 {[%emt 0:07:26]} 9. h3 {[%emt 0:09:44]} Bxf3 {[%emt 0:01:10]} 10. Bxf3 {[%emt 0:00:15]} Qb6+ {[%emt 0:01:42]} 11. Kh1 {[%emt 0:00:44]} h5 {[%emt 0:00:47]} 12. a5 {[%emt 0:01:18]} Qc7 {[%emt 0:00:12]} 13. e5 {[%emt 0:00:30]} Ng8 {[%emt 0:00:34]} 14. b4 {[%emt 0:02:49]} Ne7 {[%emt 0:00:42]} 15. Nb3 {[%emt 0:00:36]} Nf5 {[%emt 0:01:00]} 16. Re1 {[%emt 0:01:05]} Bf8 {[%emt 0:01:22]} 17. Bd2 {[%emt 0:02:16]} Be7 {[%emt 0:03:29]} 18. Rg1 {[%emt 0:06:54]} c5 {[%emt 0:03:57]} 19. c4 {[%emt 0:01:49]} dxc4 {[%emt 0:01:56]} 20. Nxc5 {[%emt 0:05:39]} Nxc5 {[%emt 0:00:49]} 21. bxc5 {[%emt 0:00:06]} O-O {[%emt 0:03:56]} 22. a6 {[%emt 0:00:58]} Bxc5 {[%emt 0:00:31]} 23. axb7 {[%emt 0:00:08]} Rab8 {[%emt 0:00:58]} 24. Ba5 {[%emt 0:04:33]} Qe7 {[%emt 0:04:29]} 25. Rb1 {[%emt 0:01:21]} cxd3 {[%emt 0:08:00]} 26. g3 {[%emt 0:04:53]} Bxg1 {[%emt 0:07:59]} 27. Qxg1 {[%emt 0:01:07]} Qd7 {[%emt 0:00:17]} 28. Qxa7 {[%emt 0:01:10]} Qa4 {[%emt 0:05:13]} 29. Qc5 {[%emt 0:01:49]} Nxg3+ {[%emt 0:01:04]} 30. Kg2 {[%emt 0:01:12]} Qa2+ {[%emt 0:00:13]} 31. Kxg3 {[%emt 0:00:11]} Qxb1 {[%emt 0:00:10]} 32. f5 {[%emt 0:06:07]} exf5 {[%emt 0:02:42]} 33. e6 {[%emt 0:04:30]} fxe6 {[%emt 0:02:17]} 34. Bc3 {[%emt 0:03:15]} Rxb7 {[%emt 0:00:55]} 35. Qe5 {[%emt 0:00:17]} Kh7 {[%emt 0:00:46]} 36. Qxe6 {[%emt 0:06:39]} Qg1+ {[%emt 0:00:31]} 37. Kh4 {[%emt 0:00:13]} Qf2+ {[%emt 0:00:10]} 38. Kg5 {[%emt 0:00:10]} Qg3+ {[%emt 0:02:14]} 39. Bg4 {[%emt 0:00:07]} Rg8 {[%emt 0:00:31]} 40. Qd5 {[%emt 0:02:52]} Qe3+ {[%emt 0:00:52]} 0-1

[Event "CZE-ch Amateurs 2022"]
[Site "Luhacovice"]
[Date "2022.03.19"]
[Round "9.2"]
[White "Slepov, Kyryl"]
[Black "Vanek, Ladislav"]
[Result "1-0"]
[WhiteElo "2064"]
[BlackElo "2221"]
[Annotator "RC"]
[PlyCount "55"]
[EventDate "2022.03.12"]
[EventType "swiss"]
[EventCountry "CZE"]
[SourceTitle "playchess.com"]
[Source "ChessBase"]
[SourceQuality "1"]
[TimeControl "5400+30"]

1. d4 {[%emt 0:00:42]} d5 {[%emt 0:01:06]} 2. c4 {[%emt 0:01:04]} e6 {[%emt 0:00:56]} 3. Nf3 {[%emt 0:00:21]} Nf6 {[%emt 0:00:50]} 4. g3 {[%emt 0:00:11]} Bb4+ {[%emt 0:01:00]} 5. Bd2 {[%emt 0:00:12]} Be7 {[%emt 0:00:59]} 6. Bg2 {[%emt 0:00:11]} dxc4 {[%emt 0:02:01]} 7. O-O {[%emt 0:00:17]} a6 {[%emt 0:09:43]} 8. Qc2 {[%emt 0:02:22]} b5 {[%emt 0:00:49]} 9. a4 {[%emt 0:00:00]} Bb7 {[%emt 0:03:08]} 10. Na3 {[%emt 0:02:11]} Be4 {[%emt 0:02:11]} 11. Qc1 {[%emt 0:00:47]} Qd5 {[%emt 0:01:00]} 12. Nb1 {[%emt 0:04:33]} b4 {[%emt 0:01:22]} 13. Bf4 {[%emt 0:00:11]} Nc6 {[%emt 0:06:26]} 14. Rd1 {[%emt 0:01:14]} Rd8 {[%emt 0:07:24]} 15. Bxc7 {[%emt 0:00:59]} Rd7 {[%emt 0:00:06]} 16. Bb6 {[%emt 0:00:17]} Rb7 {[%emt 0:03:02]} 17. a5 {[%emt 0:01:04]} Qb5 {[%emt 0:07:36]} 18. Nbd2 {[%emt 0:04:27]} Bd5 {[%emt 0:00:11]} 19. e3 {[%emt 0:01:07]} Bd8 {[%emt 0:04:00]} 20. Bf1 {[%emt 0:00:48]} Bxb6 {[%emt 0:34:09]} 21. Nxc4 {[%emt 0:08:31]} Bc7 {[%emt 0:02:52]} 22. Nce5 {[%emt 0:01:58]} Nxe5 {[%emt 0:09:52]} 23. Bxb5+ {[%emt 0:01:56]} Rxb5 {[%emt 0:00:31]} 24. dxe5 {[%emt 0:01:32]} Bxf3 {[%emt 0:00:00]} 25. Qxc7 {[%emt 0:00:08]} O-O {[%emt 0:00:54]} 26. exf6 {[%emt 0:00:20]} Bxd1 {[%emt 0:00:05]} 27. Rxd1 {[%emt 0:00:23]} gxf6 {[%emt 0:00:04]} 28. Rd6 {[%emt 0:01:14]} 1-0

[Event "CZE-ch Amateurs 2022"]
[Site "Luhacovice"]
[Date "2022.03.19"]
[Round "9.3"]
[White "Jun, Rudolf"]
[Black "Pilch, Roman"]
[Result "1/2-1/2"]
[WhiteElo "2215"]
[BlackElo "2136"]
[Annotator "ChessBase"]
[PlyCount "44"]
[EventDate "2022.03.12"]
[EventType "swiss"]
[EventCountry "CZE"]
[SourceTitle "playchess.com"]
[Source "ChessBase"]
[SourceQuality "1"]
[TimeControl "5400+30"]

1. e4 {[%emt 0:00:05]} g6 {[%emt 0:00:31]} 2. d4 {[%emt 0:00:30]} Bg7 {[%emt 0:00:11]} 3. f4 {[%emt 0:00:15]} d5 {[%emt 0:01:46]} 4. e5 {[%emt 0:01:23]} h5 {[%emt 0:00:33]} 5. c4 {[%emt 0:01:21]} c6 {[%emt 0:01:30]} 6. Nc3 {[%emt 0:00:32]} Nh6 {[%emt 0:01:23]} 7. cxd5 {[%emt 0:03:02]} cxd5 {[%emt 0:00:42]} 8. Qb3 {[%emt 0:01:30]} e6 {[%emt 0:02:27]} 9. Nf3 {[%emt 0:01:27]} Nf5 {[%emt 0:00:29]} 10. Bd3 {[%emt 0:00:52]} Nc6 {[%emt 0:01:00]} 11. Nb5 {[%emt 0:02:11]} Bf8 {[%emt 0:01:32]} 12. Bd2 {[%emt 0:03:36]} Be7 {[%emt 0:05:01]} 13. Bxf5 {[%emt 0:05:52]} gxf5 {[%emt 0:00:16]} 14. O-O {[%emt 0:09:48]} a6 {[%emt 0:06:49]} 15. Nd6+ {[%emt 0:01:59]} Bxd6 {[%emt 0:03:58]} 16. exd6 {[%emt 0:00:07]} Qxd6 {[%emt 0:00:16]} 17. Rac1 {[%emt 0:00:16]} f6 {[%emt 0:01:55]} 18. Rfe1 {[%emt 0:00:33]} Kf7 {[%emt 0:00:53]} 19. Qb6 {[%emt 0:14:29]} a5 {[%emt 0:09:00]} 20. Rc5 {[%emt 0:04:17]} Ra6 {[%emt 0:00:57]} 21. Qb5 {[%emt 0:00:23]} Qd8 {[%emt 0:03:30]} 22. b3 {[%emt 0:02:40]} Rg8 {[%emt 0:05:26]} 1/2-1/2

[Event "CZE-ch Amateurs 2022"]
[Site "Luhacovice"]
[Date "2022.03.19"]
[Round "9.5"]
[White "Cagasik, Tomas"]
[Black "Urban, Zdenek"]
[Result "0-1"]
[WhiteElo "2177"]
[BlackElo "2093"]
[Annotator "ChessBase"]
[PlyCount "58"]
[EventDate "2022.03.12"]
[EventType "swiss"]
[EventCountry "CZE"]
[SourceTitle "playchess.com"]
[Source "ChessBase"]
[SourceQuality "1"]
[TimeControl "5400+30"]

1. Nf3 {[%emt 0:00:08]} c5 {[%emt 0:00:10]} 2. b3 {[%emt 0:00:58]} Nc6 {[%emt 0:00:41]} 3. Bb2 {[%emt 0:00:17]} d5 {[%emt 0:01:07]} 4. e3 {[%emt 0:00:28]} Nf6 {[%emt 0:01:19]} 5. Bb5 {[%emt 0:05:21]} Bd7 {[%emt 0:00:42]} 6. Nc3 {[%emt 0:01:19]} Qc7 {[%emt 0:03:02]} 7. d4 {[%emt 0:02:25]} e6 {[%emt 0:03:56]} 8. O-O {[%emt 0:01:54]} Bd6 {[%emt 0:02:41]} 9. Be2 {[%emt 0:04:05]} a6 {[%emt 0:00:13]} 10. h3 {[%emt 0:12:13]} O-O {[%emt 0:05:05]} 11. Rc1 {[%emt 0:10:28]} Rac8 {[%emt 0:06:17]} 12. dxc5 {[%emt 0:13:04]} Bxc5 {[%emt 0:00:16]} 13. Na4 {[%emt 0:00:11]} Be7 {[%emt 0:02:04]} 14. Nc3 {[%emt 0:10:52]} Rfd8 {[%emt 0:00:37]} 15. Nd4 {[%emt 0:01:31]} e5 {[%emt 0:02:59]} 16. Nxc6 {[%emt 0:00:52]} Bxc6 {[%emt 0:00:22]} 17. Nb1 {[%emt 0:04:01]} Bc5 {[%emt 0:03:41]} 18. Nd2 {[%emt 0:02:51]} Qe7 {[%emt 0:04:14]} 19. Nf3 {[%emt 0:01:56]} Bd6 {[%emt 0:00:39]} 20. Nh2 {[%emt 0:02:47]} Ne4 {[%emt 0:06:58]} 21. Bf3 {[%emt 0:04:07]} d4 {[%emt 0:03:06]} 22. exd4 {[%emt 0:01:33]} exd4 {[%emt 0:00:08]} 23. Re1 {[%emt 0:00:33]} f5 {[%emt 0:00:20]} 24. Nf1 {[%emt 0:01:18]} Bb4 {[%emt 0:00:20]} 25. Nd2 {[%emt 0:03:25]} Qh4 {[%emt 0:08:14]} 26. Bxe4 {[%emt 0:00:36]} fxe4 {[%emt 0:00:32]} 27. c3 {[%emt 0:03:30]} e3 {[%emt 0:00:14]} 28. fxe3 {[%emt 0:00:32]} dxe3 {[%emt 0:00:07]} 29. Nf3 {[%emt 0:01:21]} Qf2+ {[%emt 0:00:19]} 0-1

[Event "CZE-ch Amateurs 2022"]
[Site "Luhacovice"]
[Date "2022.03.19"]
[Round "9.6"]
[White "Bures, Vit"]
[Black "Novotny, Jaroslav"]
[Result "1/2-1/2"]
[WhiteElo "2121"]
[BlackElo "2190"]
[Annotator "ChessBase"]
[PlyCount "43"]
[EventDate "2022.03.12"]
[EventType "swiss"]
[EventCountry "CZE"]
[SourceTitle "playchess.com"]
[Source "ChessBase"]
[SourceQuality "1"]
[TimeControl "5400+30"]

1. d4 {[%emt 0:00:18]} g6 {[%emt 0:00:07]} 2. e4 {[%emt 0:00:07]} Bg7 {[%emt 0:00:08]} 3. Nc3 {[%emt 0:00:03]} d6 {[%emt 0:00:19]} 4. Be3 {[%emt 0:00:08]} a6 {[%emt 0:00:29]} 5. Qd2 {[%emt 0:00:35]} b5 {[%emt 0:01:03]} 6. f3 {[%emt 0:00:06]} Nd7 {[%emt 0:01:51]} 7. h4 {[%emt 0:00:06]} h6 {[%emt 0:01:04]} 8. Nh3 {[%emt 0:00:37]} Bb7 {[%emt 0:01:21]} 9. O-O-O {[%emt 0:00:10]} Rc8 {[%emt 0:02:07]} 10. Kb1 {[%emt 0:02:25]} c5 {[%emt 0:01:16]} 11. dxc5 {[%emt 0:00:26]} Nxc5 {[%emt 0:00:49]} 12. Bd4 {[%emt 0:00:41]} Nf6 {[%emt 0:11:53]} 13. g4 {[%emt 0:10:22]} Ne6 {[%emt 0:02:28]} 14. Be3 {[%emt 0:09:10]} Nd7 {[%emt 0:01:50]} 15. Nd5 {[%emt 0:01:28]} Ne5 {[%emt 0:01:39]} 16. Be2 {[%emt 0:01:03]} Nc4 {[%emt 0:04:39]} 17. Bxc4 {[%emt 0:00:28]} Rxc4 {[%emt 0:01:15]} 18. b3 {[%emt 0:02:55]} Rc8 {[%emt 0:01:22]} 19. Rhf1 {[%emt 0:09:35]} h5 {[%emt 0:10:00]} 20. gxh5 {[%emt 0:02:08]} Rxh5 {[%emt 0:00:37]} 21. Ng5 {[%emt 0:01:40]} Nxg5 {[%emt 0:07:22]} 22. hxg5 {[%emt 0:17:59]} 1/2-1/2

[Event "CZE-ch Amateurs 2022"]
[Site "Luhacovice"]
[Date "2022.03.19"]
[Round "9.7"]
[White "Zvolensky, David"]
[Black "Bokhnak, Timofey"]
[Result "1/2-1/2"]
[WhiteElo "2159"]
[BlackElo "1978"]
[Annotator "ChessBase"]
[PlyCount "32"]
[EventDate "2022.03.12"]
[EventType "swiss"]
[EventCountry "CZE"]
[SourceTitle "playchess.com"]
[Source "ChessBase"]
[SourceQuality "1"]
[TimeControl "5400+30"]

1. e4 {[%emt 0:00:03]} c5 {[%emt 0:00:11]} 2. Nf3 {[%emt 0:00:05]} e6 {[%emt 0:00:04]} 3. d4 {[%emt 0:00:03]} cxd4 {[%emt 0:00:04]} 4. Nxd4 {[%emt 0:00:11]} a6 {[%emt 0:00:01]} 5. Bd3 {[%emt 0:00:08]} Ne7 {[%emt 0:00:25]} 6. c4 {[%emt 0:00:16]} Nbc6 {[%emt 0:00:13]} 7. Nc2 {[%emt 0:00:31]} g6 {[%emt 0:00:23]} 8. O-O {[%emt 0:00:06]} Bg7 {[%emt 0:00:10]} 9. Nc3 {[%emt 0:00:10]} O-O {[%emt 0:00:25]} 10. Be2 {[%emt 0:00:06]} f5 {[%emt 0:02:40]} 11. Bg5 {[%emt 0:02:29]} Qa5 {[%emt 0:02:12]} 12. Bd2 {[%emt 0:15:30]} Qc7 {[%emt 0:00:11]} 13. Rb1 {[%emt 0:01:22]} b6 {[%emt 0:06:00]} 14. exf5 {[%emt 0:00:30]} Nxf5 {[%emt 0:00:24]} 15. Bf3 {[%emt 0:00:10]} Bb7 {[%emt 0:00:48]} 16. Ne3 {[%emt 0:10:45]} Ne5 {[%emt 0:15:55]} 1/2-1/2